1550 1536 1965 1504 1051 1628 1457 1977 1331 1185 1549 1920 1488 1120 1862 1673 1895 1709 1286 1645 1499 1656 1739 1405 1751 1956 1528 1153 1754 1753 1862 1026 1636 1616 1948 1259 1533 1403 1548 1342 1398 1597 1172 1942 1023 1542 1121 1641 1302 1679 1517 1697 1854 1323 1908 1700 1964 1232 1046 1062 1869 1955 1172 1747 1852 1725 1365 1420 1521 1620 1408 1734 1616 1508 1139 1732 1175 1999 1282 1822 1171 1503 1968 1755 1666 1917 1695 1447 1616 1975 1525 1764 1393 1047 1507 1809 1414 1214 1235 BCNSPRNW ULIB Ver.6.0+V

เปลี่ยนเป็นภาษาไทย

Change to English
 แสดงรายละเอียดบรรณานุกรม
  กลับหน้าหลัก

Brief Record : Get Marc (ISO 2709) : E-mail record : QR code < ปิดหน้าต่าง
LEADER : 00000nam 2200000uu 4500
001    13399115066
003     ULIB
008    120708s2549||||th 000 0 tha d
020    ^a9746568582
060 04 ^aWY157.6^bม293ก
100 0  ^aมรรยาท ณ นคร
245 10 ^aการพยาบาลผู้ป่วยกระดูกอักเสบติดเชื้อ /^cมรรยาท ณ นคร
250    ^aพิมพ์ครั้งที่ 1
260    ^aเชียงใหม่ :^bโครงการตำรา คณะพยาบาลศาสตร์มหาวิทยาลัยเชียงใหม่,^c2549
300    ^aก-ฉ, 90 หน้า :^bภาพประกอบ ;^c21 ซม.
650  7 ^aกระดูก^xโรค
650  7 ^aการพยาบาลออร์โธปิดิคส์
650  7 ^aข้ออักเสบ^xการพยาบาล
710 2  ^aมหาวิทยาลัยเชียงใหม่. ^bคณะพยาบาลศาสตร์. ^bโครงการตำรา
945    ^p120^l0^i19136
945    ^p120^l0^i15141
995    ^aเกษร
999    ^aใช้งานได้ทุกระบบ
รายการนี้ยังไม่มีแท็ก
คุณยังไม่ได้ล็อกอิน คุณสามารถมีกิจกรรมร่วมกับเว็บไซต์ได้ แต่ต้องล็อกอินก่อน ::
  ล็อกอิน

รายการสื่อสารสนเทศ

ลำดับที่ ประเภท เลขเรียก/บาร์โค้ด สถานที่ สถานะ
1. Book การพยาบาล
Book การพยาบาล
สถานะ=หนังสือเก่า
WY157.6 ม293ก  
  Barcode: 19136
ห้องสมุดวิทยาเขตนครสวรรค์
►หนังสือทั่วไป:l:General Books
บนชั้น
2. Book การพยาบาล
Book การพยาบาล
สถานะ=หนังสือเก่า
WY157.6 ม293ก ฉ.2 
  Barcode: 15141
ห้องสมุดวิทยาเขตนครสวรรค์
►หนังสือทั่วไป:l:General Books
บนชั้น

รายการใกล้เคียง
    ผู้แต่ง [มรรยาท ณ นคร]

    หัวเรื่อง [การพยาบาลออร์โธปิดิคส์]

BibComment


ยังไม่เคยถูกคอมเมนท์

คอมเมนท์ทรัพยากรรายการนี้
  คอมเมนท์: การพยาบาลผู้ป่วย..


 Copyright 2026. Bcnsprnw @Library